| Tag |
First Indicator |
Second Indicator |
Subfields |
| LEADER |
00000cam a2200000 a 4500 |
| 001 |
in00002587513 |
| 005 |
20151201153525.0 |
| 008 |
091030s2010 mau b 001 0 eng |
| 010 |
|
|
|a 2009045912
|
| 015 |
|
|
|a GBB078027
|2 bnb
|
| 016 |
7 |
|
|a 015588787
|2 Uk
|
| 020 |
|
|
|a 9780262014366 (hardcover : alk. paper)
|
| 020 |
|
|
|a 026201436X (hardcover : alk. paper)
|
| 020 |
|
|
|a 9780262514361 (pbk. : alk. paper)
|
| 020 |
|
|
|a 0262514362 (pbk. : alk. paper)
|
| 035 |
|
|
|a (OCoLC)ocn463454544
|
| 035 |
|
|
|a (OCoLC)463454544
|
| 040 |
|
|
|a DLC
|c DLC
|d YDXCP
|d C#P
|d BWX
|d UKM
|d UtOrBLW
|
| 049 |
|
|
|a TXAM
|
| 050 |
0 |
0 |
|a GE170
|b .E5774 2010
|
| 082 |
0 |
0 |
|a 363.7/0561
|2 22
|
| 245 |
0 |
4 |
|a The environmental politics of sacrifice /
|c edited by Michael Maniates and John M. Meyer.
|
| 264 |
|
1 |
|a Cambridge, Mass. :
|b MIT Press,
|c [2010]
|
| 264 |
|
4 |
|c ©2010
|
| 300 |
|
|
|a viii, 343 pages ;
|c 23 cm.
|
| 336 |
|
|
|a text
|b txt
|2 rdacontent
|
| 337 |
|
|
|a unmediated
|b n
|2 rdamedia
|
| 338 |
|
|
|a volume
|b nc
|2 rdacarrier
|
| 504 |
|
|
|a Includes bibliographical references and index.
|
| 505 |
0 |
|
|a Must we sacrifice? confronting the politics of sacrifice in an ecologically full world / John M. Meyer and Michael Maniates -- Asking the right questions -- A democratic politics of sacrifice? / John M. Meyer -- Sacrifice in an age of comfort / Paul Wapner -- Freedom, values, and sacrifice : overcoming obstacles to environmentally sustainable behavior / Cheryl Hall -- Seeing sacrifice in everyday life -- Ordinary and extraordinary sacrifices : religion, everyday life, and environmental practice / Anna Peterson -- The sacred and the profane in the ecological politics of sacrifice / Karen Litfin -- Consumer sovereignty, heroic sacrifice : two insidious concepts in an endlessly expansionist economy / Thomas Princen -- Parental sacrifice as atonement for future climate change / Sudhir Chella Rajan -- Obstacles and opportunities -- Self-interest, sacrifice and climate change : (re- )framing the British Columbia carbon tax / Shane Gunster -- Civic virtue and sacrifice in a suburban nation / Peter Cannavò -- Bikes, sticks, carrots / Justin Williams -- Intelligent design? : unpacking geoengineering's hidden sacrifices / Simon Nicholson -- Struggling with sacrifice : take back your time and right2vacation.org / Michael Maniates -- Conclusion : sacrifice and a new environmental politics / Michael Maniates and John M. Meyer.
|
| 650 |
|
0 |
|a Environmental policy.
|
| 650 |
|
0 |
|a Sacrifice.
|
| 700 |
1 |
|
|a Maniates, Michael.
|
| 700 |
1 |
|
|a Meyer, John M.
|
| 938 |
|
|
|a Blackwell Book Service
|b BBUS
|n R2852636
|c $25.00
|
| 938 |
|
|
|a YBP Library Services
|b YANK
|n 3312013
|
| 945 |
|
|
|a PromptCat
|b 47414
|
| 946 |
|
|
|a stk
|
| 947 |
|
|
|a A14840216729
|
| 994 |
|
|
|a 92
|b TXA
|
| 948 |
|
|
|a Cataloged
|b h
|c 2010/8/16
|d c
|e ibarton
|
| 999 |
|
|
|a MARS
|
| 999 |
f |
f |
|s 80d24c1b-fa96-3ae0-aea2-0bf9eaf7df0e
|i 034cf7d2-fa70-3d8b-b41e-5c38bc06af01
|t 0
|
| 952 |
f |
f |
|p ric
|a Texas A&M University
|b Rellis Campus
|c Joint Library Facility
|d Remote Storage
|t 0
|e GE170 .E5774 2010
|h Library of Congress classification
|i unmediated -- volume
|m A14840216729
|
| 998 |
f |
f |
|a GE170 .E5774 2010
|t 0
|l Remote Storage
|